Hướng dẫn thực hành kế toán thuế giá trị gia tăng và thuế thu nhập doanh nghiệp

Guardat en:
Dades bibliogràfiques
Autor principal: Phạm Huyên
Format: Llibre
Idioma:Undetermined
Publicat: Hà Nội Thống Kê 1999
Matèries:
Etiquetes: Afegir etiqueta
Sense etiquetes, Sigues el primer a etiquetar aquest registre!
Thư viện lưu trữ: Trung tâm Học liệu Trường Đại học Cần Thơ
LEADER 00658nam a2200205Ia 4500
001 CTU_35595
008 210402s9999 xx 000 0 und d
020 |b 40.000đ 
082 |a 657.2 
082 |b H527 
100 |a Phạm Huyên 
245 0 |a Hướng dẫn thực hành kế toán thuế giá trị gia tăng và thuế thu nhập doanh nghiệp 
245 0 |c Phạm Huyên 
260 |a Hà Nội 
260 |b Thống Kê 
260 |c 1999 
650 |a Value-added tax,Corporations 
650 |x Accounting,Taxation,Accounting 
904 |i Minh, 000306 
980 |a Trung tâm Học liệu Trường Đại học Cần Thơ